| 000 | 01206nam a2200265 i 4500 | ||
|---|---|---|---|
| 001 | 31054 | ||
| 003 | ES-MaACL | ||
| 005 | 20250818054942.0 | ||
| 007 | t| | ||
| 008 | 030128s1944 sp a |||| | spa d | ||
| 080 | _a821.133.1-22"19" | ||
| 100 | 1 |
_aBaty, Gaston. _926497 |
|
| 245 | 1 | 0 |
_aDulcinea _b: [tragicomedia en dos partes y ocho cuadros] / _cGastón Baty ; versión española de Huberto Pérez de la Ossa. |
| 250 |
_aEd. con il. _bespecialmente autorizada por el trad. |
||
| 260 |
_a[Madrid] : _bGredos, _c1944 ( _fTip. Clásica Española) |
||
| 300 |
_a166 p., [3] h. de lám. ; _c17 cm. |
||
| 594 | _a"Estrenada en el Teatro María Guerrero, de Madrid, por la Compañía del Teatro Nacional, en diciembre de 1941" | ||
| 600 | 1 | 7 |
_aCervantes Saavedra, Miguel de, _d1547-1616- _xPersonajes _2 _9158912 |
| 600 | 1 | 7 |
_aCervantes Saavedra, Miguel de, _d1547-1616- _xPersonajes _2 _9158912 |
| 600 | 1 | 7 |
_aCervantes Saavedra, Miguel de, _d1547-1616. _tDon Quijote de la Mancha- _xAdaptaciones teatrales _2 _9158872 |
| 650 | 7 |
_aDulcinea (Personaje de ficción) _2embne _9158913 |
|
| 700 | 1 |
_aPérez de la Ossa, Huberto, _d1897-1983 _990784 |
|
| 852 |
_aES-MaACL _jB-10109 |
||
| 999 |
_c31054 _d31054 |
||